[Event "Mecklenburg VP-ch U16"]
[Site "Malchow"]
[Date "2009.02.17"]
[Round "6.9"]
[White "Mamedow, Emil"]
[Black "Ehrhardt, Max"]
[Result "1-0"]
[WhiteElo "1171"]
[BlackElo "1125"]
[PlyCount "89"]
[EventDate "2009.02.07"]
[EventType "swiss"]
[EventRounds "7"]
[EventCountry "GER"]
[SourceTitle "EXT 2022"]
[Source "ChessBase"]
[SourceDate "2021.10.06"]
[SourceVersion "1"]
[SourceVersionDate "2021.10.06"]
[SourceQuality "1"]

1. e4 c5 2. Nf3 d6 3. d3 Nf6 4. g3 b6 5. Bg2 Bb7 6. 0-0 g6 7. Be3 Bg7 8. Qd2 Nbd7 9. Bh6 0-0 10. Bxg7 Kxg7 11. Qc3 e5 12. Qd2 Ng8 13. Nc3 a6 14. Ne2 Ne7 15. Nh4 Rb8 16. f4 f6 17. Bh3 Rh8 18. Rf2 Bc6 19. Raf1 Rf8 20. g4 a5 21. g5 fxg5 22. fxg5 Rxf2 23. Rxf2 Qc7 24. Qe1 Rf8 25. Qf1 Rxf2 26. Qxf2 Qd8 27. Bxd7 Bxd7 28. Qf6+ Kg8 29. Qxd6 Nc6 30. Nf3 Nb4 31. c3 Nc6 32. h4 Bg4 33. Qxd8+ Nxd8 34. Kf2 Bxf3 35. Kxf3 Kf7 36. d4 cxd4 37. cxd4 exd4 38. Nxd4 Ne6 39. Nxe6 Kxe6 40. Kf4 Kd6 41. a4 Ke6 42. e5 Kd5 43. b3 Ke6 44. Ke4 Kd7 45. Kd5 1-0

[Event "Mecklenburg VP-ch U16"]
[Site "Malchow"]
[Date "2009.02.08"]
[Round "3.7"]
[White "Ehrhardt, Max"]
[Black "Rusch, Julia"]
[Result "0-1"]
[WhiteElo "1125"]
[BlackElo "1358"]
[PlyCount "132"]
[EventDate "2009.02.07"]
[EventType "swiss"]
[EventRounds "7"]
[EventCountry "GER"]
[SourceTitle "EXT 2022"]
[Source "ChessBase"]
[SourceDate "2021.10.06"]
[SourceVersion "1"]
[SourceVersionDate "2021.10.06"]
[SourceQuality "1"]

1. d4 c6 2. Bf4 d5 3. Nf3 Bf5 4. e3 e6 5. Bd3 Bxd3 6. Qxd3 c5 7. dxc5 Bxc5 8. Nc3 Nc6 9. a3 a5 10. Nb5 Bb6 11. Ng5 e5 12. Nh3 exf4 13. Nxf4 Nf6 14. Nc3 d4 15. exd4 Qxd4 16. Qxd4 Nxd4 17. 0-0-0 0-0-0 18. f3 Rhe8 19. Rhe1 g5 20. Rxe8 Rxe8 21. Nfd5 Nxd5 22. Nxd5 Ne2+ 23. Kb1 Re6 24. Nxb6+ Rxb6 25. Re1 Re6 26. Rf1 Re3 27. Rf2 Nf4 28. Kc1 Re6 29. Kd2 Kc7 30. b3 Kc6 31. g3 Rd6+ 32. Kc3 Nd5+ 33. Kb2 Kc5 34. Re2 f6 35. c4 Nb6 36. Kc3 Kc6 37. Re7 Rd7 38. Re6+ Rd6 39. Re7 h6 40. Rh7 f5 41. Rf7 Re6 42. Rxf5 Re3+ 43. Kc2 Re2+ 44. Kd3 Rxh2 45. Rf6+ Kc7 46. f4 gxf4 47. Rxf4 Rh3 48. Rf3 Nd7 49. Kd4 Kd6 50. b4 b6 51. Re3 a4 52. Rc3 Kc6 53. b5+ Kd6 54. Rf3 h5 55. Re3 Nf6 56. Rd3 Ng4 57. Kc3+ Ke6 58. Kd2 Rh2+ 59. Kc3 Re2 60. Kb4 Ne5 61. Rd4 Rc2 62. Kxa4 Rxc4+ 63. Rxc4 Nxc4 64. Kb4 Na5 65. Kc3 Kf5 66. Kd3 Kg4 0-1

[Event "Mecklenburg VP-ch U14"]
[Site "Malchow"]
[Date "2007.02.06"]
[Round "7"]
[White "Ehrhardt, Max"]
[Black "Wahrmann, Eric"]
[Result "1/2-1/2"]
[WhiteElo "1032"]
[BlackElo "1154"]
[PlyCount "59"]
[EventDate "2007.02.03"]
[EventType "swiss"]
[EventRounds "7"]
[EventCountry "GER"]
[SourceTitle "EXT 2022"]
[Source "ChessBase"]
[SourceDate "2021.10.06"]
[SourceVersion "1"]
[SourceVersionDate "2021.10.06"]
[SourceQuality "1"]

1. c4 e6 2. Nc3 Nf6 3. Nf3 b6 4. d4 d5 5. b3 c5 6. e3 Bb7 7. Be2 Be7 8. 0-0 0-0 9. Bb2 Nc6 10. a3 Rc8 11. Ra2 Qc7 12. Kh1 Rfd8 13. Bc1 Rd7 14. h3 Rcd8 15. Nb5 Qb8 16. a4 a6 17. Na3 Qc7 18. Rd2 Ne4 19. Rb2 dxc4 20. Nxc4 cxd4 21. exd4 Nxd4 22. Nxd4 Rxd4 23. Qc2 R4d7 24. Be3 Bc5 25. Bxc5 Qxc5 26. Kg1 Ng3 27. Re1 Nxe2+ 28. Qxe2 Qg5 29. f3 Qc5+ 30. Kh1 1/2-1/2

[Event "Mecklenburg VP-ch U14"]
[Site "Malchow"]
[Date "2007.02.04"]
[Round "3"]
[White "Schuenemann, Anne"]
[Black "Ehrhardt, Max"]
[Result "0-1"]
[WhiteElo "757"]
[BlackElo "1032"]
[PlyCount "92"]
[EventDate "2007.02.03"]
[EventType "swiss"]
[EventRounds "7"]
[EventCountry "GER"]
[SourceTitle "EXT 2022"]
[Source "ChessBase"]
[SourceDate "2021.10.06"]
[SourceVersion "1"]
[SourceVersionDate "2021.10.06"]
[SourceQuality "1"]

1. e4 c5 2. Nf3 d6 3. d4 cxd4 4. Nxd4 Nf6 5. Nc3 a6 6. f3 e5 7. Nb3 Be7 8. Bd3 Nc6 9. Be3 Be6 10. Nd2 d5 11. Qe2 d4 12. Bf2 dxc3 13. bxc3 Bd6 14. 0-0 0-0 15. c4 Nb4 16. c5 Nxd3 17. cxd3 Bc7 18. Rab1 Rb8 19. Be3 b6 20. c6 b5 21. Qf2 Bb6 22. d4 exd4 23. Bf4 d3 24. c7 Bxc7 25. e5 Bb6 26. Be3 Nd5 27. Rbe1 Nxe3 28. Rxe3 Bxe3 29. Qxe3 Qb6 30. Qf2 Qxf2+ 31. Rxf2 Bxa2 32. Ne4 Rfc8 33. Rxa2 Rc1+ 34. Kf2 Rc2+ 35. Rxc2 dxc2 36. g4 c1Q 37. Kg3 Re8 38. Nf6+ gxf6 39. exf6 Qg1+ 40. Kh3 Re2 41. Kh4 Qxh2+ 42. Kg5 Qe5+ 43. Kh4 Qxf6+ 44. Kg3 Re3 45. g5 Qxf3+ 46. Kh4 Qh3# 0-1